000 00313nam a2200133Ia 4500
008 210210b1991 xxu||||| |||| 00| 0 eng d
082 _a828 PANB
100 _aPANDEY (B N),Ed.
245 _aBook of India
260 _aN D
_bRupa & Co.,
_c1991
300 _a116
690 _aEnglish Collections
906 _a046502
999 _c95922
_d95922